000 00592nam a2200217Ia 4500
999 _c49489
_d49489
001 16413
003 GE_BSU
005 20221129123713.0
008 181216s2006||||enk|||||||||||||| ||eng||
020 _a9780767915823x
040 _cGE_BSU
041 _aeng
080 _a159.95+61 S-86
100 _aStout, Martha
_916199
245 4 _aThe sociopath next door :
_bthe ruthless versus the rest of us
_cMartha Stout.
250 _a1st ed.
264 _aNew York :
_bHarmony Books,
_c2006.
300 _a241p.:
_bill;
_c24 cm.
653 _aფსიქოლოგია
942 _cBK
_2udc